1278 1265 1860 1384 1768 1592 1565 1959 1213 1615 1467 1838 1759 1175 1542 1814 1136 1458 1302 1430 1937 1462 1446 1700 1004 1991 1179 1596 1126 1354 1207 1487 1248 1340 1789 1620 1793 1227 1502 1900 1242 1978 1718 1359 1345 1512 1883 1896 1946 1682 1005 1460 1384 1038 1616 1392 1827 1280 1943 1388 1353 1839 1900 1367 1970 1580 1350 1775 1729 1620 1750 1202 1382 1121 1122 1612 1410 1713 1184 1155 1128 1129 1776 1212 1717 1849 1845 1042 1534 1551 1673 1132 1613 1393 1926 1952 1283 1532 1986 BCNSPRNW ULIB Ver.6.0+V

เปลี่ยนเป็นภาษาไทย

Change to English
 แสดงรายละเอียดบรรณานุกรม
  กลับหน้าหลัก

Brief Record : Get Marc (ISO 2709) : E-mail record : QR code < ปิดหน้าต่าง
LEADER : 00000nam 2200000uu 4500
001    13399128724
003     ULIB
008    240814s2566||||th 000 0 tha d
020    ^a9786164343245
041 1  ^atha^heng
060 04 ^aQS17^bอ939ผ
100 1  ^aแอชเวลล์, เคน
245 10 ^aแผนที่ร่างกายมนุษย์/^cเคน แอชเวลล์,เขียน ; น้ำทิพย์ พันธุ์อนุกูล, แปล
246 31 ^aThe human body atlas
260    ^aกรุงเทพฯ :^bแอร์โรว์,^c2566
300    ^a224 หน้า :^bภาพประกอบ ;^c30 ซม.
650  4 ^aร่างกาย
650  4 ^aกายวิภาคศาสตร์มนุษย์
650  4 ^aกายวิภาคศาสตร์
650  4 ^aสรีรวิทยา
856    ^a^zสารบัญู^uhttps://drive.google.com/file/d/11Q8T84q7cnbMXScLru9nQpdgsIzaOdbU/view?usp=sharing
945    ^p750^l0^i010376
945    ^p750^l0^i010377
945    ^p750^l0^i010378
945    ^p750^l0^i010379
945    ^p750^l0^i010380
999    ^aประนอม เกษจรัล
รายการนี้ยังไม่มีแท็ก
คุณยังไม่ได้ล็อกอิน คุณสามารถมีกิจกรรมร่วมกับเว็บไซต์ได้ แต่ต้องล็อกอินก่อน ::
  ล็อกอิน

รายการสื่อสารสนเทศ

ลำดับที่ ประเภท เลขเรียก/บาร์โค้ด สถานที่ สถานะ
1. วิทยาศาสตร์การแพทย์ และสุขภาพ
หนังสือสำรอง
สถานะ=หนังสือสำรอง
QS17 อ939ผ ฉ.1 
  Barcode: 010376
ห้องสมุดวิทยาเขตสวรรค์ประชารักษ์
►หนังสือทั่วไป
บนชั้น
2. วิทยาศาสตร์การแพทย์ และสุขภาพ
วิทยาศาสตร์การแพทย์ และสุขภาพ
QS17 อ939ผ ฉ.2 
  Barcode: 010377
ห้องสมุดวิทยาเขตสวรรค์ประชารักษ์
►หนังสือทั่วไป
บนชั้น
3. วิทยาศาสตร์การแพทย์ และสุขภาพ
วิทยาศาสตร์การแพทย์ และสุขภาพ
QS17 อ939ผ ฉ.3 
  Barcode: 010378
ห้องสมุดวิทยาเขตสวรรค์ประชารักษ์
►หนังสือทั่วไป
บนชั้น
4. วิทยาศาสตร์การแพทย์ และสุขภาพ
วิทยาศาสตร์การแพทย์ และสุขภาพ
QS17 อ939ผ ฉ.4 
  Barcode: 010379
ห้องสมุดวิทยาเขตสวรรค์ประชารักษ์
►หนังสือทั่วไป
บนชั้น
5. วิทยาศาสตร์การแพทย์ และสุขภาพ
วิทยาศาสตร์การแพทย์ และสุขภาพ
QS17 อ939ผ ฉ.5 
  Barcode: 010380
ห้องสมุดวิทยาเขตสวรรค์ประชารักษ์
►หนังสือทั่วไป
บนชั้น

รายการใกล้เคียง
    ผู้แต่ง [แอชเวลล์, เคน]

    หัวเรื่อง [ร่างกาย]
    หัวเรื่อง [กายวิภาคศาสตร์มนุษย์]
    หัวเรื่อง [กายวิภาคศาสตร์]
    หัวเรื่อง [สรีรวิทยา]

BibComment


ยังไม่เคยถูกคอมเมนท์

คอมเมนท์ทรัพยากรรายการนี้
  คอมเมนท์: แผนที่ร่างกายมนุ..


 Copyright 2026. Bcnsprnw @Library